Normal view
MARC view
Entry Topical Term
001 - CONTROL NUMBER
- control field: 2503
003 - CONTROL NUMBER IDENTIFIER
- control field: OSt
005 - DATE AND TIME OF LATEST TRANSACTION
- control field: 20190225122702.0
008 - FIXED-LENGTH DATA ELEMENTS
- fixed length control field: 190225|| aca||aabn | a|a d
040 ## - CATALOGING SOURCE
- Original cataloging agency: OSt
- Transcribing agency: OSt
150 ## - HEADING--TOPICAL TERM
- Topical term or geographic name entry element: City planning
- Geographic subdivision: India.
670 ## - SOURCE DATA FOUND
- Source citation: Work cat.: (OSt)446733: Vidyarthi, Sanjeev, author. 2502, Understanding India's new approach to spatial planning and development :
